000 00466nam a22001697a 4500
005 20251108172305.0
008 250721s1997 xx 000 0 ara d
082 1 4 _a614.85/نعم
100 1 _aكامل، نعمان
245 1 0 _aالسلامة العامة و الأمن الصناعي /
264 1 _aعمان :
_c1997.
300 _a169ص
650 1 7 _aالأمن الصناعي
650 1 7 _aإصابات العمل
942 _2ddc
_cBK
999 _c75294
_d75294